Language Quiz

Random Language or Puzzle Quiz

Match 'Em Up Blitz - Broken Words Quiz Stats

Quiz Updated Jun 8, 2014

Also try: Match 'Em Up Blitz
Challenge
Share
Tweet
Embed
Score 0/40 Timer 14:00
6 Plays Today
% Correct
SECTION 1
100%
5 LETTER WORDS
99.9%
SECTION 2
58%
6 LETTER WORDS
57.9%
SECTION 1 COMPLETE
57.8%
SURE
57.8%
SECTION 3
56.1%
6 LETTER WORDS
56.1%
SECTION 2 COMPLETE
56%
THUMB
55.9%
SECTION 4
55.1%
7 LETTER WORDS
55%
SECTION 3 COMPLETE
55%
EBONY
54.9%
SECTION 5
53.6%
7 LETTER WORDS
53.6%
SECTION 4 COMPLETE
53.5%
WEALTH
53.5%
SECTION 6
48.9%
8 LETTER WORDS
48.8%
% Correct
SECTION 5 COMPLETE
48.8%
ACTUAL
48.7%
SECTION 7
45.9%
8 LETTER WORDS
45.8%
SECTION 6 COMPLETE
45.7%
DESTROY
45.7%
SECTION 8
38.5%
9 LETTER WORDS
38.4%
SECTION 7 COMPLETE
38.3%
RAVIOLI
38.3%
SECTION 9
28.7%
9 LETTER WORDS
28.6%
SECTION 8 COMPLETE
28.5%
SOLUTION
28.5%
SECTION 10
19.2%
10 LETTER WORDS
19.1%
SECTION 9 COMPLETE
19%
TREASURE
18.9%
SECTION 10 COMPLETE
12.3%
MAGNETISM
12.3%

You're not logged in!

Compare scores with friends on all Sporcle quizzes.
Join for Free
OR
Log In

You Might Also Like...

Show Comments

Extras

Top Quizzes Today


Score Distribution

Your Account Isn't Verified!

In order to create a playlist on Sporcle, you need to verify the email address you used during registration. Go to your Sporcle Settings to finish the process.

Report this User

Report this user for behavior that violates our Community Guidelines.

Details: